[Event "IMSA Blitz Women 2019"]
[Site "Hengshui"]
[Date "2019.05.17"]
[Round "2.1"]
[White "Paehtz, Elisabeth"]
[Black "Tan, Zhongyi"]
[Result "0-1"]
[WhiteElo "2470"]
[BlackElo "2513"]
[Annotator "ChessBase"]
[PlyCount "88"]
[EventDate "2019.05.17"]
[EventType "blitz"]
[EventCountry "CHN"]
[SourceTitle "playchess.com"]
[Source "ChessBase"]
[SourceQuality "1"]
[TimeControl "180+2"]

1. d4 {[%emt 0:00:00]} Nf6 {[%emt 0:00:00]} 2. Nf3 {[%emt 0:00:00]} d5 {[%emt 0:00:00]} 3. Bf4 {[%emt 0:00:01]} e6 {[%emt 0:00:02]} 4. e3 {[%emt 0:00:01]} c5 {[%emt 0:00:01]} 5. Nbd2 {[%emt 0:00:01]} Nc6 {[%emt 0:00:01]} 6. c3 {[%emt 0:00:01]} Bd6 {[%emt 0:00:01]} 7. Bg3 {[%emt 0:00:01]} O-O {[%emt 0:00:02]} 8. Bb5 {[%emt 0:00:01]} Be7 {[%emt 0:00:01]} 9. Bd3 {[%emt 0:00:06]} b6 {[%emt 0:00:03]} 10. Ne5 {[%emt 0:00:07]} Bb7 {[%emt 0:00:02]} 11. f4 {[%emt 0:00:04]} Bd6 {[%emt 0:00:10]} 12. Bh4 {[%emt 0:00:06]} Be7 {[%emt 0:00:06]} 13. O-O {[%emt 0:00:05]} Ne8 {[%emt 0:00:13]} 14. Bxe7 {[%emt 0:00:41]} Nxe7 {[%emt 0:00:06]} 15. Qh5 {[%emt 0:00:03]} f5 {[%emt 0:00:17]} 16. g4 {[%emt 0:00:07]} Nf6 {[%emt 0:00:02]} 17. Qh3 {[%emt 0:00:01]} Ne4 {[%emt 0:00:06]} 18. Bxe4 {[%emt 0:00:05]} dxe4 {[%emt 0:00:03]} 19. g5 {[%emt 0:00:04]} cxd4 {[%emt 0:00:19]} 20. cxd4 {[%emt 0:00:01]} Rc8 {[%emt 0:00:05]} 21. Rfc1 {[%emt 0:00:02]} Nd5 {[%emt 0:00:17]} 22. a3 {[%emt 0:00:16]} Ba6 {[%emt 0:00:11]} 23. g6 {[%emt 0:00:08]} h6 {[%emt 0:00:09]} 24. Nxe4 {[%emt 0:00:06]} Rxc1+ {[%emt 0:00:13]} 25. Rxc1 {[%emt 0:00:01]} Nxf4 {[%emt 0:00:03]} 26. exf4 {[%emt 0:00:11]} Qxd4+ {[%emt 0:00:02]} 27. Nf2 {[%emt 0:00:02]} Qxf4 {[%emt 0:00:03]} 28. Re1 {[%emt 0:00:05]} Rc8 {[%emt 0:00:08]} 29. Qg3 {[%emt 0:00:10]} Qd2 {[%emt 0:00:05]} 30. Nf3 {[%emt 0:00:06]} Qd5 {[%emt 0:00:01]} 31. Rd1 {[%emt 0:00:09]} Qc6 {[%emt 0:00:01]} 32. Ne5 {[%emt 0:00:04]} Qc5 {[%emt 0:00:14]} 33. Nd7 {[%emt 0:00:10]} Qc2 {[%emt 0:00:22]} 34. Qd6 {[%emt 0:00:11]} Re8 {[%emt 0:00:03]} 35. Ne5 {[%emt 0:00:07]} Bb5 {[%emt 0:00:15]} 36. b4 {[%emt 0:00:27]} f4 {[%emt 0:00:02]} 37. Qd4 {[%emt 0:00:09]} Rf8 {[%emt 0:00:04]} 38. Qe4 {[%emt 0:00:04]} Qb3 {[%emt 0:00:04]} 39. Nf7 {[%emt 0:00:05]} f3 {[%emt 0:00:08]} 40. Nd6 {[%emt 0:00:04]} Be2 {[%emt 0:00:02]} 41. Rc1 {[%emt 0:00:04]} Rd8 {[%emt 0:00:03]} 42. Nf7 {[%emt 0:00:03]} Rf8 {[%emt 0:00:02]} 43. Qd4 {[%emt 0:00:03]} Qxa3 {[%emt 0:00:02]} 44. Qe4 {[%emt 0:00:02]} Qxc1+ {[%emt 0:00:01]} 0-1

[Event "IMSA Blitz Women 2019"]
[Site "Hengshui"]
[Date "2019.05.17"]
[Round "2.1"]
[White "Abdumalik, Zhansaya"]
[Black "Muzychuk, Mariya"]
[Result "1-0"]
[WhiteElo "2464"]
[BlackElo "2563"]
[Annotator "ChessBase"]
[PlyCount "69"]
[EventDate "2019.05.17"]
[EventType "blitz"]
[EventCountry "CHN"]
[SourceTitle "playchess.com"]
[Source "ChessBase"]
[SourceQuality "1"]
[TimeControl "180+2"]

1. e4 {[%emt 0:00:00]} c6 {[%emt 0:00:00]} 2. d4 {[%emt 0:00:01]} d5 {[%emt 0:00:00]} 3. e5 {[%emt 0:00:01]} Bf5 {[%emt 0:00:00]} 4. Bd3 {[%emt 0:00:02]} Bxd3 {[%emt 0:00:03]} 5. Qxd3 {[%emt 0:00:02]} e6 {[%emt 0:00:00]} 6. Ne2 {[%emt 0:00:05]} c5 {[%emt 0:00:01]} 7. c3 {[%emt 0:00:06]} Nc6 {[%emt 0:00:01]} 8. O-O {[%emt 0:00:05]} Nge7 {[%emt 0:00:09]} 9. Nd2 {[%emt 0:00:07]} h5 {[%emt 0:00:03]} 10. Nf3 {[%emt 0:00:06]} Nf5 {[%emt 0:00:03]} 11. dxc5 {[%emt 0:00:13]} Bxc5 {[%emt 0:00:03]} 12. Ned4 {[%emt 0:00:03]} Bxd4 {[%emt 0:00:20]} 13. cxd4 {[%emt 0:00:01]} Rc8 {[%emt 0:00:04]} 14. Bd2 {[%emt 0:00:09]} Qb6 {[%emt 0:00:05]} 15. Bc3 {[%emt 0:00:01]} O-O {[%emt 0:00:06]} 16. Qd2 {[%emt 0:00:04]} Rc7 {[%emt 0:00:14]} 17. Rad1 {[%emt 0:00:04]} Nce7 {[%emt 0:00:41]} 18. Ba5 {[%emt 0:00:02]} Qc6 {[%emt 0:00:08]} 19. Rc1 {[%emt 0:00:04]} Qxc1 {[%emt 0:00:02]} 20. Rxc1 {[%emt 0:00:00]} Rxc1+ {[%emt 0:00:01]} 21. Qxc1 {[%emt 0:00:01]} Nc6 {[%emt 0:00:01]} 22. Bc3 {[%emt 0:00:03]} Rc8 {[%emt 0:00:01]} 23. Qd2 {[%emt 0:00:03]} a5 {[%emt 0:00:01]} 24. h3 {[%emt 0:00:05]} b6 {[%emt 0:00:01]} 25. g4 {[%emt 0:00:02]} hxg4 {[%emt 0:00:01]} 26. hxg4 {[%emt 0:00:01]} Nh6 {[%emt 0:00:03]} 27. Qg5 {[%emt 0:00:04]} b5 {[%emt 0:00:02]} 28. a3 {[%emt 0:00:03]} b4 {[%emt 0:00:01]} 29. axb4 axb4 30. Bd2 {[%emt 0:00:05]} Ra8 {[%emt 0:00:01]} 31. Qh5 {[%emt 0:00:07]} Ra2 {[%emt 0:00:17]} 32. Bxh6 {[%emt 0:00:03]} gxh6 {[%emt 0:00:00]} 33. Qxh6 {[%emt 0:00:02]} Rxb2 {[%emt 0:00:01]} 34. Ng5 {[%emt 0:00:09]} Nd8 {[%emt 0:00:01]} 35. Nh7 {[%emt 0:00:02]} 1-0

[Event "IMSA Blitz Women 2019"]
[Site "Hengshui"]
[Date "2019.05.17"]
[Round "2.1"]
[White "Ushenina, Anna"]
[Black "Gunina, Valentina"]
[Result "1-0"]
[WhiteElo "2442"]
[BlackElo "2506"]
[Annotator "TA"]
[PlyCount "89"]
[EventDate "2019.05.17"]
[EventType "blitz"]
[EventCountry "CHN"]
[SourceTitle "playchess.com"]
[Source "ChessBase"]
[SourceQuality "1"]

{[%evp 21,89,0,3,1,0,0,8,0,19,11,34,14,86,59,65,65,158,159,153,156,178,177,191,146,163,145,163,146,157,140,202,158,171,169,172,168,204,193,173,161,145,132,138,120,130,125,137,98,112,106,117,118,98,112,120,121,113,8,245,227,253,204,258,286,477,310,363,213,709,698]} 1. d4 Nf6 2. Nf3 e6 3. Bf4 b6 4. e3 Bb7 5. Nbd2 Be7 6. h3 O-O 7. Bd3 c5 8. c3 d5 9. O-O Bd6 10. Bxd6 Qxd6 11. Qe2 Nc6 12. dxc5 {D02: 1 d4 d5 2 Nf3 sidelines, including 2...Nf6 3 g3 and 2...Nf6 3 Bf4} bxc5 13. e4 Nd7 {[#]} 14. Rad1 $146 {The position is equal.} ({Predecessor:} 14. exd5 exd5 15. Rfe1 Nf6 16. Nf1 d4 17. Ng3 Rae8 18. Qd2 Ne5 19. Nxe5 Rxe5 20. Rxe5 Qxe5 {½-½ (62) Potkin,V (2646)-Kurnosov,I (2676) Moscow 2010}) 14... h6 15. Rfe1 Rad8 16. Bb1 Nb6 (16... Ne7 $11) 17. exd5 exd5 18. Qd3 {[%csl Gb1][%cal Rd3h7]} g6 (18... f5 $14) 19. Qe3 $36 {[%mdl 2048] Black is under strong pressure.} Kg7 {[#]} 20. Ne4 $1 {[%cal Re4d6][%mdl 576] Double Attack, Pin} Qc7 (20... dxe4 21. Rxd6) 21. Nxc5 Nc4 22. Qe2 Rfe8 23. Qc2 Rxe1+ 24. Rxe1 {Hoping for Ne6+!} Bc8 25. Qc1 Qb6 (25... Qd6 $16 {was necessary.}) 26. Nd3 {[%cal Bc5d3,Bd3f4,Bf4e2,Be2d4,Bd4b5][%mdl 32]} Bf5 {[#]} 27. b3 $1 {[%cal Rb3c4]} Nd6 28. Nf4 Bxb1 29. Qxb1 Ne4 30. Qb2 Nf6 31. Rd1 Qc7 32. Ne2 Ne7 {[%cal Bc6e7,Be7f5,Bf5d6,Bd6e4][%mdl 32]} 33. Ned4 Rc8 34. Nb5 Qb6 35. a4 Nf5 36. Nbd4 Nd6 37. Ne5 Nde4 {[#]} 38. Rc1 $1 Qc7 39. Ng4 ({Better is} 39. Nd3 $16) 39... Nh5 $2 (39... Nxg4 $11 40. hxg4 Qf4) 40. c4 $18 Kg8 41. Nb5 ({Resist} 41. Nxh6+ Kh7 $18) 41... Qf4 42. Nxa7 Rd8 $2 (42... Re8 {might work better.} 43. cxd5 f5) 43. c5 {And now c6 would win.} d4 44. c6 ({Much less strong is} 44. Nc6 Re8 $18) (44. g3 $142 Qf3 45. Ne5 (45. Nxh6+ Kh7 $17)) 44... Qc7 $2 (44... Nc3) 45. Nb5 {Accuracy: White = 63%, Black = 28%.} 1-0

[Event "IMSA Blitz Women 2019"]
[Site "Hengshui"]
[Date "2019.05.17"]
[Round "2.2"]
[White "Muzychuk, Mariya"]
[Black "Abdumalik, Zhansaya"]
[Result "0-1"]
[WhiteElo "2563"]
[BlackElo "2464"]
[Annotator "RC"]
[PlyCount "140"]
[EventDate "2019.05.17"]
[EventType "blitz"]
[EventCountry "CHN"]
[SourceTitle "playchess.com"]
[Source "ChessBase"]
[SourceQuality "1"]
[TimeControl "180+2"]

1. e4 {[%emt 0:00:00]} c5 {[%emt 0:00:00]} 2. Nf3 {[%emt 0:00:00]} e6 {[%emt 0:00:00]} 3. c3 {[%emt 0:00:00]} d5 {[%emt 0:00:07]} 4. exd5 {[%emt 0:00:02]} Qxd5 {[%emt 0:00:01]} 5. d4 {[%emt 0:00:01]} Nf6 {[%emt 0:00:02]} 6. Na3 {[%emt 0:00:01]} cxd4 {[%emt 0:00:10]} 7. Nb5 {[%emt 0:00:03]} Qd8 {[%emt 0:00:08]} 8. Qxd4 {[%emt 0:00:12]} Nd5 {[%emt 0:00:37]} 9. Bc4 {[%emt 0:00:10]} Nc6 {[%emt 0:00:01]} 10. Qe4 {[%emt 0:00:06]} Be7 {[%emt 0:00:05]} 11. Bxd5 {[%emt 0:00:09]} exd5 {[%emt 0:00:01]} 12. Qxd5 {[%emt 0:00:03]} O-O {[%emt 0:00:28]} 13. Qxd8 {[%emt 0:00:02]} Bxd8 {[%emt 0:00:01]} 14. Be3 {[%emt 0:00:09]} Bg4 {[%emt 0:00:05]} 15. Nfd4 {[%emt 0:00:15]} Ne5 {[%emt 0:00:04]} 16. f3 {[%emt 0:00:11]} Bd7 {[%emt 0:00:03]} 17. O-O-O {[%emt 0:00:08]} Nc4 {[%emt 0:00:01]} 18. Bf4 {[%emt 0:00:03]} g5 {[%emt 0:00:11]} 19. Bg3 {[%emt 0:00:18]} Ne3 {[%emt 0:00:02]} 20. Rd2 {[%emt 0:00:07]} Nc4 {[%emt 0:00:01]} 21. Nd6 {[%emt 0:00:05]} Nxd2 {[%emt 0:00:03]} 22. Kxd2 {[%emt 0:00:02]} b6 {[%emt 0:00:06]} 23. Re1 {[%emt 0:00:07]} Bf6 {[%emt 0:00:01]} 24. Be5 {[%emt 0:00:08]} Bxe5 {[%emt 0:00:13]} 25. Rxe5 {[%emt 0:00:01]} h6 {[%emt 0:00:02]} 26. Re7 {[%emt 0:00:03]} Bc8 {[%emt 0:00:11]} 27. Nc6 {[%emt 0:00:09]} Be6 {[%emt 0:00:04]} 28. Kc2 {[%emt 0:00:07]} a5 {[%emt 0:00:03]} 29. a4 {[%emt 0:00:09]} Kg7 {[%emt 0:00:05]} 30. Nd4 {[%emt 0:00:03]} Kf6 {[%emt 0:00:01]} 31. Rb7 {[%emt 0:00:03]} Rab8 {[%emt 0:00:04]} 32. Ra7 {[%emt 0:00:06]} Rbd8 {[%emt 0:00:06]} 33. Ne4+ {[%emt 0:00:02]} Kg6 {[%emt 0:00:01]} 34. Nc6 {[%emt 0:00:03]} Ra8 {[%emt 0:00:10]} 35. Rb7 {[%emt 0:00:06]} Ra6 {[%emt 0:00:14]} 36. Nd6 {[%emt 0:00:10]} Kf6 {[%emt 0:00:06]} 37. Ne4+ {[%emt 0:00:11]} Kg7 {[%emt 0:00:01]} 38. Nd6 {[%emt 0:00:05]} Bd5 {[%emt 0:00:03]} 39. Rc7 {[%emt 0:00:01]} Raa8 {[%emt 0:00:10]} 40. Ne7 {[%emt 0:00:12]} Be6 {[%emt 0:00:02]} 41. Nef5+ {[%emt 0:00:01]} Kg6 {[%emt 0:00:03]} 42. Nd4 {[%emt 0:00:07]} Rfd8 {[%emt 0:00:06]} 43. Rc6 {[%emt 0:00:05]} Rab8 {[%emt 0:00:07]} 44. Nc4 {[%emt 0:00:05]} Rdc8 {[%emt 0:00:04]} 45. Rxc8 {[%emt 0:00:01]} Rxc8 {[%emt 0:00:00]} 46. Nxb6 {[%emt 0:00:01]} Rb8 {[%emt 0:00:03]} 47. Nxe6 {[%emt 0:00:01]} Rxb6 {[%emt 0:00:05]} 48. Nd4 {[%emt 0:00:02]} f5 {[%emt 0:00:01]} 49. b3 {[%emt 0:00:01]} g4 {[%emt 0:00:02]} 50. fxg4 {[%emt 0:00:07]} fxg4 {[%emt 0:00:01]} 51. Kd3 {[%emt 0:00:01]} h5 {[%emt 0:00:01]} 52. g3 {[%emt 0:00:02]} Rf6 {[%emt 0:00:02]} 53. b4 {[%emt 0:00:00]} axb4 {[%emt 0:00:01]} 54. cxb4 {[%emt 0:00:01]} Rf2 {[%emt 0:00:01]} 55. a5 {[%emt 0:00:01]} Rxh2 {[%emt 0:00:01]} 56. a6 {[%emt 0:00:00]} Ra2 {[%emt 0:00:01]} 57. b5 {[%emt 0:00:01]} Kg5 {[%emt 0:00:02]} 58. Ke3 {[%emt 0:00:04]} h4 {[%emt 0:00:03]} 59. gxh4+ {[%emt 0:00:01]} Kxh4 {[%emt 0:00:01]} 60. Nf5+ {[%emt 0:00:07]} Kh3 {[%emt 0:00:01]} 61. Kf4 {[%emt 0:00:01]} Ra4+ {[%emt 0:00:01]} 62. Ke5 {[%emt 0:00:03]} Ra5 {[%emt 0:00:01]} 63. Nd4 {[%emt 0:00:13]} g3 {[%emt 0:00:02]} 64. Kf4 {[%emt 0:00:02]} g2 {[%emt 0:00:01]} 65. Ne2 {[%emt 0:00:02]} Rxb5 {[%emt 0:00:01]} 66. Kf3 {[%emt 0:00:01]} Rb3+ {[%emt 0:00:03]} 67. Kf2 {[%emt 0:00:00]} Kh2 {[%emt 0:00:03]} 68. a7 {[%emt 0:00:01]} Ra3 {[%emt 0:00:01]} 69. Ng1 {[%emt 0:00:01]} Rxa7 70. Nf3+ {[%emt 0:00:01]} Kh1 {[%emt 0:00:04]} 0-1

[Event "IMSA Blitz Women 2019"]
[Site "Hengshui"]
[Date "2019.05.17"]
[Round "2.2"]
[White "Kosteniuk, Alexandra"]
[Black "Dzagnidze, Nana"]
[Result "1-0"]
[WhiteElo "2546"]
[BlackElo "2510"]
[Annotator "ChessBase"]
[PlyCount "117"]
[EventDate "2019.05.17"]
[EventType "blitz"]
[EventCountry "CHN"]
[SourceTitle "playchess.com"]
[Source "ChessBase"]
[SourceQuality "1"]
[TimeControl "180+2"]

1. e4 {[%emt 0:00:00]} e6 {[%emt 0:00:00]} 2. d4 {[%emt 0:00:00]} d5 {[%emt 0:00:00]} 3. exd5 {[%emt 0:00:01]} exd5 {[%emt 0:00:02]} 4. Nf3 {[%emt 0:00:01]} Bd6 {[%emt 0:00:04]} 5. c4 {[%emt 0:00:01]} dxc4 {[%emt 0:00:12]} 6. Bxc4 {[%emt 0:00:02]} Nf6 {[%emt 0:00:21]} 7. O-O {[%emt 0:00:02]} O-O {[%emt 0:00:02]} 8. Nc3 {[%emt 0:00:01]} Nbd7 {[%emt 0:00:19]} 9. Bg5 {[%emt 0:00:03]} Nb6 {[%emt 0:00:06]} 10. Bd3 {[%emt 0:00:06]} Bg4 {[%emt 0:00:08]} 11. Re1 {[%emt 0:00:18]} c6 {[%emt 0:00:10]} 12. Bc2 {[%emt 0:00:21]} h6 {[%emt 0:00:19]} 13. Bh4 {[%emt 0:00:06]} g5 {[%emt 0:00:03]} 14. Bg3 {[%emt 0:00:01]} Bxg3 {[%emt 0:00:02]} 15. hxg3 {[%emt 0:00:01]} Qd6 {[%emt 0:00:13]} 16. Qd3 {[%emt 0:00:04]} Bxf3 {[%emt 0:00:08]} 17. Qxf3 {[%emt 0:00:03]} Rfe8 {[%emt 0:00:12]} 18. Ne4 {[%emt 0:00:10]} Nxe4 {[%emt 0:00:06]} 19. Rxe4 {[%emt 0:00:01]} Nd7 {[%emt 0:00:16]} 20. Rae1 {[%emt 0:00:15]} Rxe4 {[%emt 0:00:03]} 21. Qxe4 {[%emt 0:00:12]} Nf6 {[%emt 0:00:01]} 22. Qf5 {[%emt 0:00:17]} Kg7 {[%emt 0:00:07]} 23. Bb3 {[%emt 0:00:24]} Rd8 {[%emt 0:00:09]} 24. Kh2 {[%emt 0:00:37]} Qxd4 {[%emt 0:00:20]} 25. f3 {[%emt 0:00:09]} Qd6 {[%emt 0:00:14]} 26. Re5 {[%emt 0:00:04]} Rd7 {[%emt 0:00:05]} 27. f4 {[%emt 0:00:02]} gxf4 {[%emt 0:00:04]} 28. gxf4 {[%emt 0:00:00]} Qd4 {[%emt 0:00:03]} 29. Re2 {[%emt 0:00:12]} Qd3 {[%emt 0:00:03]} 30. Qxd3 {[%emt 0:00:12]} Rxd3 {[%emt 0:00:01]} 31. g3 {[%emt 0:00:03]} Kf8 {[%emt 0:00:05]} 32. Kg2 {[%emt 0:00:02]} h5 {[%emt 0:00:02]} 33. Bc4 {[%emt 0:00:02]} Rd4 {[%emt 0:00:01]} 34. Bb3 {[%emt 0:00:02]} c5 {[%emt 0:00:02]} 35. Bc2 {[%emt 0:00:03]} b6 {[%emt 0:00:02]} 36. Bf5 {[%emt 0:00:02]} Rb4 {[%emt 0:00:02]} 37. b3 {[%emt 0:00:01]} Rd4 {[%emt 0:00:01]} 38. Kf3 {[%emt 0:00:05]} Rd5 {[%emt 0:00:01]} 39. Bc2 {[%emt 0:00:02]} Ng4 {[%emt 0:00:03]} 40. Be4 {[%emt 0:00:04]} Rd1 {[%emt 0:00:02]} 41. Bf5 {[%emt 0:00:02]} Nf6 {[%emt 0:00:02]} 42. Bc2 {[%emt 0:00:01]} Ra1 {[%emt 0:00:02]} 43. Bf5 {[%emt 0:00:01]} Rf1+ {[%emt 0:00:01]} 44. Kg2 {[%emt 0:00:01]} Rd1 {[%emt 0:00:02]} 45. Bc2 {[%emt 0:00:01]} Rd4 {[%emt 0:00:01]} 46. Bf5 {[%emt 0:00:02]} a6 47. Kf3 {[%emt 0:00:01]} Rd5 {[%emt 0:00:06]} 48. Bb1 {[%emt 0:00:04]} Rd6 {[%emt 0:00:02]} 49. Bf5 {[%emt 0:00:02]} Rd8 {[%emt 0:00:02]} 50. a4 {[%emt 0:00:02]} Re8 {[%emt 0:00:01]} 51. Re5 {[%emt 0:00:02]} Rxe5 {[%emt 0:00:03]} 52. fxe5 {[%emt 0:00:01]} Nd5 {[%emt 0:00:01]} 53. Ke4 {[%emt 0:00:06]} Ne7 {[%emt 0:00:02]} 54. Bd7 {[%emt 0:00:02]} Kg7 {[%emt 0:00:01]} 55. Be8 {[%emt 0:00:04]} f6 {[%emt 0:00:03]} 56. e6 {[%emt 0:00:02]} Kh6 {[%emt 0:00:01]} 57. Kf4 {[%emt 0:00:01]} Ng6+ 58. Kf5 {[%emt 0:00:01]} Nf8 59. Kxf6 1-0

[Event "IMSA Blitz Women 2019"]
[Site "Hengshui"]
[Date "2019.05.17"]
[Round "2.2"]
[White "Tan, Zhongyi"]
[Black "Paehtz, Elisabeth"]
[Result "1-0"]
[WhiteElo "2513"]
[BlackElo "2470"]
[Annotator "ChessBase"]
[PlyCount "69"]
[EventDate "2019.05.17"]
[EventType "blitz"]
[EventCountry "CHN"]
[SourceTitle "playchess.com"]
[Source "ChessBase"]
[SourceQuality "1"]
[TimeControl "180+2"]

1. c4 {[%emt 0:00:00]} g6 {[%emt 0:00:00]} 2. Nf3 {[%emt 0:00:07]} Bg7 {[%emt 0:00:00]} 3. d4 {[%emt 0:00:01]} d6 {[%emt 0:00:00]} 4. g3 {[%emt 0:00:02]} e5 {[%emt 0:00:01]} 5. dxe5 {[%emt 0:00:07]} dxe5 {[%emt 0:00:01]} 6. Qxd8+ {[%emt 0:00:02]} Kxd8 {[%emt 0:00:01]} 7. Nc3 {[%emt 0:00:01]} f6 {[%emt 0:00:10]} 8. h4 {[%emt 0:00:06]} Bg4 {[%emt 0:00:07]} 9. Bg2 {[%emt 0:00:03]} c6 {[%emt 0:00:02]} 10. b3 {[%emt 0:00:14]} Nd7 {[%emt 0:00:06]} 11. Ba3 {[%emt 0:00:02]} Nh6 {[%emt 0:00:04]} 12. O-O-O {[%emt 0:00:05]} Nf7 {[%emt 0:00:04]} 13. h5 {[%emt 0:00:09]} Kc7 {[%emt 0:00:18]} 14. hxg6 {[%emt 0:00:58]} hxg6 {[%emt 0:00:01]} 15. Nh4 {[%emt 0:00:02]} g5 {[%emt 0:00:06]} 16. Ng6 {[%emt 0:00:11]} Rxh1 {[%emt 0:00:27]} 17. Rxh1 {[%emt 0:00:01]} Nf8 {[%emt 0:00:07]} 18. Bxf8 {[%emt 0:00:13]} Bxf8 {[%emt 0:00:01]} 19. Rh7 {[%emt 0:00:05]} Ba3+ {[%emt 0:00:01]} 20. Kc2 {[%emt 0:00:06]} Bf5+ {[%emt 0:00:10]} 21. Be4 {[%emt 0:00:03]} Be6 {[%emt 0:00:00]} 22. g4 {[%emt 0:00:20]} Rd8 {[%emt 0:00:05]} 23. Bf5 {[%emt 0:00:04]} Bxf5+ {[%emt 0:00:02]} 24. gxf5 {[%emt 0:00:01]} Rd7 {[%emt 0:00:02]} 25. Ne4 {[%emt 0:00:03]} Nd6 {[%emt 0:00:24]} 26. Rxd7+ {[%emt 0:00:07]} Kxd7 {[%emt 0:00:01]} 27. Nxf6+ {[%emt 0:00:02]} Kd8 {[%emt 0:00:01]} 28. e4 {[%emt 0:00:02]} g4 {[%emt 0:00:02]} 29. Nxe5 {[%emt 0:00:05]} Ke7 {[%emt 0:00:05]} 30. Nexg4 {[%emt 0:00:07]} Bc5 {[%emt 0:00:06]} 31. f3 {[%emt 0:00:02]} a5 {[%emt 0:00:02]} 32. Kd3 {[%emt 0:00:01]} b5 {[%emt 0:00:01]} 33. Nh5 {[%emt 0:00:04]} bxc4+ {[%emt 0:00:06]} 34. bxc4 {[%emt 0:00:01]} Bb4 {[%emt 0:00:01]} 35. Ne5 {[%emt 0:00:02]} 1-0

[Event "IMSA Blitz Women 2019"]
[Site "Hengshui"]
[Date "2019.05.17"]
[Round "2.2"]
[White "Gunina, Valentina"]
[Black "Ushenina, Anna"]
[Result "1-0"]
[WhiteElo "2506"]
[BlackElo "2442"]
[Annotator "TA"]
[PlyCount "95"]
[EventDate "2019.05.17"]
[EventType "blitz"]
[EventCountry "CHN"]
[SourceTitle "playchess.com"]
[Source "ChessBase"]
[SourceQuality "1"]

{[%evp 13,119,11,10,5,8,11,34,8,39,-21,2,16,8,0,113,0,12,-6,2,0,0,-8,-10,-7,-6,-14,-27,-70,-21,-29,-19,-27,0,-27,-18,-51,-52,-70,-48,-85,-58,-121,-75,-115,-52,-49,-39,-41,0,-16,0,0,8,-14,0,-9,-8,-30,-3,-8,0,-16,0,0,11,0,17,22,30,12,10,8,10,14,14,0,0,-106,66,50,143,147,356,136,141,138,219,224,900,885,1148,1058,799,766,1295,1255,1527,1402,5189,5189,5018,5018,2550,2512,1901,1881,1156,1120]} 1. e4 c6 2. d4 d5 3. Nc3 dxe4 4. Nxe4 Bf5 5. Ng3 Bg6 6. Nf3 e6 7. c3 Nd7 8. Bc4 {B18: Classical Caro-Kann: 4...Bf5 sidelines} (8. Bd3 Ngf6 9. O-O Be7 10. Re1 O-O 11. Bxg6 hxg6 12. Bg5 c5 13. Qe2 cxd4 14. Nxd4 Re8 15. a3 Qb6 16. Rad1 Rac8 17. Nf3 Red8 18. Ne4 Nc5 19. Nxc5 Qxc5 20. Rxd8+ Rxd8 {½-½ (28) Lampert,J (2514)-Anand,V (2794) Douglas 2017}) 8... Ngf6 9. O-O Be7 10. Qe2 {White is slightly better.} O-O 11. Bb3 (11. Nh4 $14) 11... c5 $146 ({Predecessor:} 11... Bd6 12. Ne5 Qc7 13. f4 c5 14. Be3 cxd4 15. Bxd4 Bc5 16. Kh1 Bxd4 17. cxd4 Qd6 18. Rad1 {1-0 (64) Burggraf,M (2045)-Schatz,W (2055) Bayern 1998}) 12. Rd1 cxd4 13. Nxd4 Qb6 {[#]} (13... h6 $11 {keeps the balance.}) 14. Be3 (14. Nxe6 $1 $16 {[%mdl 512] Be3 is the strong threat.} fxe6 15. Bxe6+ (15. Qxe6+ Rf7 $11) 15... Kh8 16. Bxd7) 14... Nc5 15. Bc4 Qc7 16. Nb5 Qc6 17. Rac1 a6 18. Nd4 Qc7 19. a3 Rfd8 20. h4 {White wants to play h5.} Nce4 21. Nxe4 Bxe4 22. Bg5 {aiming for Nxe6!} Bd5 23. Bd3 h6 24. Be3 b5 25. g3 Qb7 26. Qf1 Bf8 27. Bb1 ({Better is} 27. Bf4 $15) 27... Rac8 28. Qh3 Be4 (28... e5 $17 29. Nc2 Bf3 30. Rxd8 Rxd8) 29. Bxe4 Qxe4 30. Qg2 Qxg2+ 31. Kxg2 Nd5 32. Kf3 g6 33. Nb3 f5 34. Nd4 Kf7 35. Ke2 Bg7 36. Nb3 Bf8 37. Rd3 Rd7 38. Rcd1 Rdc7 39. Bd4 Bd6 40. Nd2 a5 41. Nf3 b4 42. cxb4 axb4 43. a4 Rc2+ 44. R1d2 Rc1 45. Be3 (45. Rd1 $11) 45... Ra1 $2 (45... f4 $17 46. Bd4 fxg3 47. fxg3 Bxg3 48. Ne5+ Bxe5 49. Bxe5 Rh1) 46. Bxh6 $14 {And now Ng5+ would win.} Rxa4 (46... Be7 $1 $14) 47. Ng5+ $16 Kf6 $2 {[#]} (47... Ke7 $16) 48. Re3 {Played: Ng5xe6} 1-0

[Event "IMSA Blitz Women 2019"]
[Site "Hengshui"]
[Date "2019.05.17"]
[Round "2.2"]
[White "Zhao, Xue"]
[Black "Koneru, Humpy"]
[Result "0-1"]
[WhiteElo "2485"]
[BlackElo "2553"]
[Annotator "TA"]
[PlyCount "58"]
[EventDate "2019.05.17"]
[EventType "blitz"]
[EventCountry "CHN"]
[SourceTitle "playchess.com"]
[Source "ChessBase"]
[SourceQuality "1"]

{[%evp 9,58,0,16,-6,25,13,21,20,20,15,16,6,12,8,36,35,48,54,42,35,56,27,28,22,35,26,26,-43,8,0,68,0,0,0,106,106,99,123,102,41,96,19,25,-10,-17,-31,-29,-56,0,-1815,-1810]} 1. c4 e6 2. Nf3 Nf6 3. e3 b6 4. b3 Bb7 5. Bb2 d5 6. cxd5 {A13: English Opening: 1...e6} Nxd5 (6... exd5 7. g3 Nbd7 8. Bg2 Ba6 9. Bf1 Bb7 10. Bg2 Ba6 11. Bf1 {½-½ (11) Duda,J (2738)-Wang,H (2730) St Petersburg 2018}) 7. a3 Nd7 8. d3 $146 {The position is equal.} ({Predecessor:} 8. Qc2 a6 9. d3 Rc8 10. Nbd2 c5 11. Rg1 b5 12. g4 Qa5 13. Be2 {1-0 (49) Tologontegin,S (2398)-Esenbek Uulu,B (2029) Bishkek 2018}) 8... c5 9. Nbd2 N5f6 10. Qc2 Be7 11. g4 Nxg4 {[#] Hoping for ...Bh4.} 12. Rg1 Ngf6 13. Rxg7 Rg8 14. Rxg8+ Nxg8 15. O-O-O Qc7 16. Kb1 O-O-O 17. Be2 Ngf6 18. Ng5 (18. Rg1 $11) 18... Nd5 (18... Qxh2 $15 19. Ndf3 Qh5) 19. h4 $11 ({But not} 19. Nxf7 $2 Rf8 $19) 19... Qh2 (19... Rf8 $11) 20. Nde4 (20. Ndf3 $14 Qxf2 21. Ne4 Nxe3 22. Nxf2 Nxc2 23. Kxc2) 20... f5 21. Nf3 Qc7 (21... Qh3 $1 $11 22. Neg5 Bxg5 23. Nxg5 Qxh4 {[%mdl 64] Double Attack} 24. Nxe6 Qxf2 25. Nxd8 Nxe3 {[%mdl 64] Double Attack}) 22. Neg5 $16 Nf8 23. Nf7 Re8 24. N7e5 ({White should play} 24. Be5 $16 Qc6 25. Bh2) 24... Ng6 (24... Kb8 $14) 25. h5 (25. Nxg6 $16 hxg6 26. Rg1) 25... Nxe5 $11 26. Nxe5 Bf6 27. Nc4 Bxb2 28. Qxb2 Rg8 ({Better is} 28... b5 $1 $15 29. Nd2 b4) 29. Qf6 $2 {[%mdl 8192] [#]} (29. Ne5 $11) 29... Nxf6 {Accuracy: White = 49%, Black = 62%.} 0-1